Menanti suria
| Other Authors: | |
|---|---|
| Format: | Book |
| Published: |
Kuala Lumpur :
Creative Enterprie Sdn.Bhd. ,
1992
|
| Series: | Noovel creative
|
| Subjects: |
MARC
| LEADER | 00000cam a2200000 7i4500 | ||
|---|---|---|---|
| 001 | 0000009678 | ||
| 002 | 000010542 | ||
| 005 | 20020111.0 | ||
| 020 | |a 9838930237 | ||
| 090 | 0 | 0 | |a F |b SUZ |
| 245 | 1 | 0 | |a Menanti suria |c Suzana Saleh |
| 260 | |a Kuala Lumpur : |b Creative Enterprie Sdn.Bhd. , |c 1992 | ||
| 300 | |a 107p. ; |c 18cm. | ||
| 490 | 0 | |a Noovel creative | |
| 650 | 0 | 0 | |a Malay fiction |
| 700 | 0 | |a Azman Yusof , |e ill | |
| 999 | |a 022150 |b BUKU |c PINJAMAN |e PERPUSTAKAAN KOMUNITI PETALING JAYA | ||
| 999 | |a 022185 |b BUKU |c PINJAMAN |e PERPUSTAKAAN KOMUNITI PETALING JAYA | ||